Formar para transformar : educación social para un mundo nuevo /

Bibliographic Details
Other Authors: Valdivia Vizarreta, Paloma (Editor), Janer Hidalgo, Àngela (Editor), Úcar, Xavier (Editor)
Format: Electronic eBook
Language:Spanish
Published: Lima, Perú : Editorial UPC, [2026]
Edition:Primera edición.
Subjects:
Online Access:Digitalia Hispánica

MARC

LEADER 00000nam a2200000 i 4500
001 DIGUPERCA0170
003 NyNyDIG
007 cr |||||||||||
008 260227s2026 pe a ob 000 0 spa d
006 m o d
035 |a (OCoLC)1574793929 
040 |a DGITA  |b eng  |e rda  |e pn  |c DGITA 
020 |a 9786123185848  |q versión epub 
020 |z 9786123185831 
024 7 |a 10.19083/978-612-318-584-8  |2 doi 
050 1 4 |a LC189 ebook 
245 0 0 |a Formar para transformar :  |b educación social para un mundo nuevo /  |c Paloma Valdivia Vizarreta, Àngela Janer Hidalgo y Xavier Úcar (coords.). 
246 1 4 |a Formar para transformar :  |b la educación social a lo largo de la vida 
250 |a Primera edición. 
250 |a Versión e-book. 
264 1 |a Lima, Perú :  |b Editorial UPC,  |c [2026] 
300 |a 1 online resource :  |b color illustrations. 
336 |a text  |b txt  |2 rdacontent 
337 |a computer  |b c  |2 rdamedia 
338 |a online resource  |b cr  |2 rdacarrier 
347 |a text file  |2 rdaft 
347 |b EPUB 
504 |a Includes bibliographical references. 
588 0 |a Online resource; title from ePub title page (Digitalia, viewed February 27, 2026)  
650 0 |a Educational sociology. 
650 0 |a Popular education. 
700 1 |a Valdivia Vizarreta, Paloma,  |e editor. 
700 1 |a Janer Hidalgo, Àngela,  |e editor. 
700 1 |a Úcar, Xavier,  |e editor. 
791 2 |a Digitalia (Firm),  |e distributor. 
793 0 |g Digitalia eBook Collection:  |a Universidad Peruana de Ciencias Aplicadas 
776 0 8 |i Print version:  |t Formar para transformar.  |b Primera edición.  |d Lima, Perú : Editorial UPC, [2026]  |z 9786123185831 
856 4 0 |3 Digitalia Hispánica  |u https://www.digitaliapublishing.com/a/184495/ 
910 |a Premium collection: 2026